• 首页
  • 本馆介绍
  • 公告通知
  • 最新文献
  • 馆藏检索
  • 电子资源
  • 读者导购
  • 参考咨询
  • 我的图书馆
  • 登录
  • 详细信息显示
  • 放入我的书架
  • 预约/预借图书
  • 作者相关作品
  • 分类相关作品
  • 丛书相关作品
  • 出版社相关作品

书目信息

  • 表格格式
  • 工作单格式
  • 卡片格式
题名:
梁羽生妙评民国诗词
    
 
作者: 梁羽生 著
分册:  
出版信息: 北京   北京大学出版社  2016
页数: 11,480页
开本: 23cm
丛书名: 梁羽生系列
单 册:
中图分类: I207.2
科图分类:
主题词: 诗词研究--shi ci yan jiu--中国--民国
电子资源:
ISBN: 978-7-301-26234-4
000 00944nam0 22002531 450
001 1738626432
005 20170627164651.0
010    @a978-7-301-26234-4@b精装@dCNY99.00
100    @a20160512d2016 em y0chiy50 ea
101 0  @achi
102    @aCN@b110000
105    @aa z 000yy
106    @ar
200 1  @a梁羽生妙评民国诗词@9liang yu sheng miao ping min guo shi ci@f梁羽生著
210    @a北京@c北京大学出版社@d2016
215    @a11,480页@c照片@d23cm
225 2  @a梁羽生系列@9liang yu sheng xi lie
330    @a本书收录了作者谈论民国时期诗词作品的文章,总计四百余篇,涵括当时政界、学界、文化界的大家与新锐,如:章士钊、于右任、秋瑾、闻一多、郁达夫、胡适、陈寅恪、张恨水、冰心、“九叶派诗人”等。
461  0 @12001 @a梁羽生系列
606 0  @a诗词研究@9shi ci yan jiu@y中国@z民国
690    @aI207.2@v5
701  0 @a梁羽生@9liang yu sheng@f(1924~2009)@4著
801  0 @aCN@bTANGWEI@c20170626
905    @b1016378-83@dI207.2@e1042@f6
    
    梁羽生妙评民国诗词/梁羽生著.-北京:北京大学出版社,2016
    11,480页:照片;23cm.-(梁羽生系列)
    
    
    ISBN 978-7-301-26234-4(精装):CNY99.00
    本书收录了作者谈论民国时期诗词作品的文章,总计四百余篇,涵括当时政界、学界、文化界的大家与新锐,如:章士钊、于右任、秋瑾、闻一多、郁达夫、胡适、陈寅恪、张恨水、冰心、“九叶派诗人”等。
●
相关链接 在E读中查询图书 在五车中查询图书 在当当中查询图书 在豆瓣中查询图书


正题名:梁羽生妙评民国诗词     索取号:I207.2/1042         预约/预借

序号 登录号 条形码 馆藏地/架位号 状态 备注
1 1016378   210163785   第一样本阅览室/ [索取号:I207.2/1042] 在馆    
2 1016379   210163794   教育系资料室/ [索取号:I207.2/1042] 在馆    
3 1016380   210163801   教育系资料室/ [索取号:I207.2/1042] 在馆    
4 1016381   210163810   教育系资料室/ [索取号:I207.2/1042] 在馆    
5 1016382   210163829   第二借阅区/ [索取号:I207.2/1042] 在馆    
6 1016383   210163838   第二借阅区/ [索取号:I207.2/1042] 在馆    
唐山师范学院图书馆 欢迎您!
大连网信软件有限公司© 版权所有